00304nam a22001097a 4500082001500000100002400015245004200039260005100081300001300132500004300145505000600188 a954bAHA/S aAhamed, Syed Naseer aSaviour of Gandhiji Bataq Miya Ansari aUndavalli:bAzad House of Publications,c2019. a24 pages aAvailable in Arabic, Hindi and Kannada aT